Syntactic pattern recognition /

Bibliographic Details
Main Author: Flasiński, Mariusz
Format: Book
Language:English
Published: Singapore ; Hackensack, NJ : World Scientific Publishing Co. Pte. Ltd., ©2019.
Series:Series in computer vision, Vol. 6
Subjects:
Classic Catalogue: View this record in Classic Catalogue
LEADER 03493nam a22003377a 4500
001 45201
003 BD-DhAAL
005 20251223184041.0
008 251223t2019 enka|||| b||| 00| 0 eng d
020 |a 9789813278462 
040 |a BD-DhAAL  |d BD-DhAAL 
082 |a 006.4  |2 22 
100 |a Flasiński, Mariusz.  |9 59787 
245 |a Syntactic pattern recognition /  |c Mariusz Flasiński. 
260 |a Singapore ;  |a Hackensack, NJ :  |b World Scientific Publishing Co. Pte. Ltd.,  |c ©2019. 
300 |a xv, 386 pages :  |b illustrations ;  |c 25 cm 
490 |a Series in computer vision,  |x 2010-2143 ;  |v Vol. 6 
504 |a Includes bibliographical references (pages 331-382) and index.  
505 |a INTRODUCTORY ISSUES. Paradigmatic considerations on syntactic pattern recognition -- Methodology of syntactic pattern recognition ; STRING-BASED MODELS. Pattern recognition based on regular and CF grammars -- Enhanced string-based models for pattern recognition -- Inference (induction) of string languages -- Applications of string methods ; TREE-BASED MODELS. Pattern recognition based on tree languages -- Inference (induction) of tree languages -- Applications of tree methods ; GRAPH-BASED MODELS. Pattern analysis with graph grammars -- Inference (induction) of graph languages -- Applications of graph methods ; FUTURE OF SYNTACTIC PATTERN RECOGNITION. Summary of results and open problems -- Methodological issues.  
526 |a CSE  |x Annajiat Alim Rasel Senior Lecturer Department of Computer Science and Engineering BRAC University Course Name and No.: Advanced syntactic pattern recognition (CSE 713) 
541 |a Book Finder International  |e 45201, 45202, 45203, 45204 
650 0 |a Pattern recognition systems. 
650 |a Pattern recognition systems. 
650 |a Computer science. 
830 |a Series in computer vision,  |x 2010-2143 ;  |v Vol. 6  |9 59990 
942 |2 ddc  |c BK 
999 |c 47620  |d 47620 
952 |0 0  |1 0  |2 ddc  |4 0  |6 006_400000000000000_FLA  |7 0  |9 78585  |a BRACUL  |b BRACUL  |c GEN  |d 2025-12-09  |e Book Finder International   |g 14123.00  |l 1  |m 6  |o 006.4 FLA  |p 3010045204  |r 2026-04-15  |s 2026-03-08  |t 4  |v 28246.00  |w 2025-12-09  |y BK  |x Requisitioned by Annajiat Alim Rasel (Senior Lecturer, Department of Computer Science and Engineering, BRAC University) for the course named- 'Advanced Syntactic Pattern Recognition (CSE713)' 
952 |0 0  |1 0  |2 ddc  |4 0  |6 006_400000000000000_FLA  |7 0  |9 78586  |a BRACUL  |b BRACUL  |c GEN  |d 2025-12-09  |e Book Finder International   |g 14123.00  |l 0  |o 006.4 FLA  |p 3010045203  |r 2025-12-09  |t 3  |v 28246.00  |w 2025-12-09  |y BK  |x Requisitioned by Annajiat Alim Rasel (Senior Lecturer, Department of Computer Science and Engineering, BRAC University) for the course named- 'Advanced Syntactic Pattern Recognition (CSE713)' 
952 |0 0  |1 0  |2 ddc  |4 0  |6 006_400000000000000_FLA  |7 0  |9 78587  |a BRACUL  |b BRACUL  |c NEW  |d 2025-12-09  |e Book Finder International   |g 14123.00  |l 0  |o 006.4 FLA  |p 3010045201  |r 2025-12-09  |t 1  |v 28246.00  |w 2025-12-09  |y BK  |x Requisitioned by Annajiat Alim Rasel (Senior Lecturer, Department of Computer Science and Engineering, BRAC University) for the course named- 'Advanced Syntactic Pattern Recognition (CSE713)' 
952 |0 0  |1 0  |2 ddc  |4 0  |6 006_400000000000000_FLA  |7 0  |9 78588  |a BRACUL  |b BRACUL  |c GEN  |d 2025-12-09  |e Book Finder International   |g 14123.00  |l 0  |o 006.4 FLA  |p 3010045202  |r 2025-12-09  |t 2  |v 28246.00  |w 2025-12-09  |y BK  |x Requisitioned by Annajiat Alim Rasel (Senior Lecturer, Department of Computer Science and Engineering, BRAC University) for the course named- 'Advanced Syntactic Pattern Recognition (CSE713)'